00942nam a22002297a 4500003000900000005001700009007000300026008003100029040002600060082001000086100004400096245007800140246004200218260007300260300003100333500004300364590002900407942001400436952012000450952012500570999001700695DO-SdBNP20211008110722.0ta210608b 2020 dr a 00| 0 eng d aDO-SdBNPbspacBNPHU  4aBNPHU1 aCamogli Jiménez, José Manuel97876610aManual básico para camarero de bar /cJosé Manuel Camogli Jiménez.10aCamarero de bar : bservicio en sala. aSantiago de los Caballeros, República Dominicana : bs.n. ,c2020. a269 p. : bil. ; c27 cm.  aIncluye datos biográficos del autor  aInventariado, 2021 /LP  2ddccLBS1 00102ddc718PDaBNPHUbPDcHDd2021-06-08eDepósito Legall0oBNPHU PDp2021-1961r2021-06-08w2021-06-08yLFPD 00102ddc728PDaBNPHUbPDcHDd2021-06-08eDepósito Legall0oBNPHU PDp2021-1962r2021-06-08te.2w2021-06-08yLFPD c49891d49891